00603nam a2200145Ia 4500008004100000100001800041245007100059245011600130260004900246260000900295650001300304856004800317999001900365952007300384170221s9999 xx 000 0 und d aLuchs, Chris. 3aAn examination of future firm performance and fundamental analysis cChris Luchs, Ball State University; Suneel Maheshwari, Marshall University; Mark Myring, Ball State University. bJournal of Management and Marketing Research c2015 xBusiness uhttp://www.aabri.com/manuscripts/111037.pdf c309323d309323 001040aCLbCLd2017-02-21l0r2017-02-21 00:00:00w2017-02-21yFOJ